000 00270nam a22001097a 4500
008 170123b xxu||||| |||| 00| 0 eng d
020 _a9780781715478
041 _aeng
080 _23RD
_a618.2
245 _aMATERNAL & CHILD HEALTH NURSING
_cPILLITTERI, A
942 _2udc
_cBK
999 _c3412
_d3412